Normal view
MARC view
Entry Personal Name
001 - CONTROL NUMBER
- control field: 37746
003 - CONTROL NUMBER IDENTIFIER
- control field: ARRUPE
005 - DATE AND TIME OF LATEST TRANSACTION
- control field: 20171128095226.0
008 - FIXED-LENGTH DATA ELEMENTS
- fixed length control field: 171128|| aca||aabn | a|a d
040 ## - CATALOGING SOURCE
- Original cataloging agency: ARRUPE
- Transcribing agency: ARRUPE
100 ## - HEADING--PERSONAL NAME
- Personal name: Thomas Aquinas SJ.
670 ## - SOURCE DATA FOUND
- Source citation: Work cat.: (ARRUPE): Feser, Edward 37745, Five proofs of the existence of God, 2017